<?xml version="1.0" encoding="UTF-8"?>
<record
    xmlns:xsi="http://www.w3.org/2001/XMLSchema-instance"
    xsi:schemaLocation="http://www.loc.gov/MARC21/slim http://www.loc.gov/standards/marcxml/schema/MARC21slim.xsd"
    xmlns="http://www.loc.gov/MARC21/slim">

  <leader>02487nmm a22002297a 4500</leader>
  <datafield tag="999" ind1=" " ind2=" ">
    <subfield code="c">5183</subfield>
    <subfield code="d">5183</subfield>
  </datafield>
  <controlfield tag="003">OSt</controlfield>
  <controlfield tag="005">20240419093934.0</controlfield>
  <controlfield tag="008">191018e        xxu|||||o||d| 00| 0 spa d</controlfield>
  <datafield tag="020" ind1=" " ind2=" ">
    <subfield code="a">9789873003455</subfield>
  </datafield>
  <datafield tag="040" ind1=" " ind2=" ">
    <subfield code="c">PJ</subfield>
  </datafield>
  <datafield tag="245" ind1="1" ind2="0">
    <subfield code="a">Revista Laboral :</subfield>
    <subfield code="b">derecho y deberes de las partes - I /</subfield>
    <subfield code="c">Mario E. Ackerman director.</subfield>
  </datafield>
  <datafield tag="260" ind1=" " ind2=" ">
    <subfield code="a">Santa F&#xE9; :</subfield>
    <subfield code="b">Rubinzal Culzoni,</subfield>
    <subfield code="c">2012.</subfield>
  </datafield>
  <datafield tag="300" ind1=" " ind2=" ">
    <subfield code="a">792 p.</subfield>
    <subfield code="c">22 cm.</subfield>
  </datafield>
  <datafield tag="310" ind1=" " ind2=" ">
    <subfield code="a">semestral</subfield>
  </datafield>
  <datafield tag="362" ind1=" " ind2=" ">
    <subfield code="a">No. 1 (2012) </subfield>
  </datafield>
  <datafield tag="500" ind1=" " ind2=" ">
    <subfield code="a">Derechos fundamentales de la persona del trabajador y poderes empresariales, por Wilfredo Sanguineti Raymond; 
Las facultades de direcci&#xF3;n del empleador y sus l&#xED;mites, por Carlos Alberto Livellara; 
Reflexiones sobre la responsabilidad social empresaria. Vinculaci&#xF3;n con el Derecho Laboral, por Carlos Alberto Toselli y Alicia Graciela Ulla;
La manzana que cay&#xF3; del &#xE1;rbol. Los derechos de la trabajadora embarazada a la luz de la reciente interpretaci&#xF3;n de la CSJN, por Osvaldo Mario Samuel; 
Mando, obediencia, disciplina y resistencia, por Jos&#xE9; Daniel Machado; 
Variables del deber de rendimiento laboral, por Agust&#xED;n Adam; 
La obligaci&#xF3;n de dar ocupaci&#xF3;n efectiva, por David Duarte; 
La sustancial prohibici&#xF3;n de innovar del art&#xED;culo 66 de la LCT, por Diego Tosca; 
La obligaci&#xF3;n contractual de seguridad y las consecuencias de su incumplimiento, por Mario E. Ackerman; 
Derechos y deberes de conducta durante la etapa de formaci&#xF3;n del contrato de trabajo. El antecontrato laboral. Aportes para su estudio, por Diego J. Tula; 
Algunas notas sobre la objeci&#xF3;n de conciencia en el &#xE1;mbito laboral, por Eduardo A. Loustaunau; 
La suspensi&#xF3;n indirecta individual, por Jorge J. Sappia; 
La retenci&#xF3;n de tareas en el Derecho del Trabajo. Su procedencia en caso de "mobbing", por Beatriz Calvimonte; 
Los derechos de los ni&#xF1;os actores, por Liliana Hebe Litterio; 
Deberes y derechos derivados de la actividad sindical, por Carlos Mar&#xED;a Fen&#xE9;s; 
Auxilio o ayudas extraordinarias, por Sebasti&#xE1;n C&#xE9;sar Coppoletta; 
La responsabilidad del trabajador por da&#xF1;os a su empleador, por Pablo Daniel Marco.

Jurisprudencia Sumarios y sistematizaci&#xF3;n de fallos, por Ra&#xFA;l Horacio Ojeda, Diego Guirado y Gisel Gallino.

</subfield>
  </datafield>
  <datafield tag="650" ind1=" " ind2="0">
    <subfield code="9">1316</subfield>
    <subfield code="a">DERECHO LABORAL</subfield>
  </datafield>
  <datafield tag="650" ind1=" " ind2="0">
    <subfield code="a">OBLIGACIONES DE LAS PARTES </subfield>
  </datafield>
  <datafield tag="700" ind1=" " ind2=" ">
    <subfield code="9">1423</subfield>
    <subfield code="a">Ackermann, Mario Eduardo</subfield>
    <subfield code="e">director</subfield>
  </datafield>
  <datafield tag="856" ind1=" " ind2=" ">
    <subfield code="u">https://www.rubinzal.com.ar/revistas/revista-de-derecho-laboral/5/?menupc=1</subfield>
    <subfield code="y">Revista Derecho Laboral </subfield>
  </datafield>
  <datafield tag="942" ind1=" " ind2=" ">
    <subfield code="2">udc</subfield>
    <subfield code="c">PP</subfield>
  </datafield>
  <datafield tag="952" ind1=" " ind2=" ">
    <subfield code="0">0</subfield>
    <subfield code="1">0</subfield>
    <subfield code="2">udc</subfield>
    <subfield code="4">0</subfield>
    <subfield code="7">0</subfield>
    <subfield code="a">DJS</subfield>
    <subfield code="b">DJS</subfield>
    <subfield code="d">2024-04-19</subfield>
    <subfield code="p">6015</subfield>
    <subfield code="r">2024-04-19</subfield>
    <subfield code="w">2024-04-19</subfield>
    <subfield code="y">PP</subfield>
  </datafield>
</record>
